000
00396nam a2200145Ia 4500
008
090124s9999 xx 000 0 und d
082
_b
300882
245
_a
मणि- कांचन
250
_a
1
260
_b
भारद्वाज मंदाकिनी
_c
1982
300
_a
219
630
_a
मणि- कांचन
730
_a
मणि- कांचन
942
_c
BOOK
999
_c
190436
_d
190436